| 000 | 00492nam a2200169Ia 4500 | ||
|---|---|---|---|
| 003 | LK-CoDNM | ||
| 008 | 010623t1926 xxu||||| |||| 00| 1 Pali d | ||
| 040 |
_aLK-CoDNM _dLK-CoDNM _eLK-CoDNM |
||
| 041 |
_aPali _asin |
||
| 080 | _a104 C 9 | ||
| 100 |
_aAggadhammabhivansa Thero _eed. |
||
| 245 | _aවිසුංගාම සීමා විනිශ්චය | ||
| 246 | _aVsumgaama Seema Vinichchaya | ||
| 260 |
_bGranta Prakasa _aColombo _c1926 |
||
| 300 | _bxxxvi,35p, 21 cm | ||
| 942 | _cBK | ||
| 999 |
_c93647 _d93647 |
||